[Event "Challenge"]
[Site "http://www.queenalice.com/game.php?id=148262"]
[Date "2006.12.30"]
[Round "-"]
[White "DGFerguson"]
[Black "cesarFCP"]
[Result "1-0"]
[WhiteElo "1409"]
[BlackElo "1268"]

1. c4 e5 2. e3 Qf6 3. Nc3 Nh6 4. Nd5 Qf5 5. Nxc7+ Ke7 6. Nxa8 Ng4 7. Nh3 Nh6 8.
Nc7 d6 9. Qa4 Nc6 10. Nd5+ Kd8 11. b4 Ng4 12. Be2 Qe4 13. O-O Nd4 14. Bxg4 Qxg4
15. exd4 Bf5 16. d3 exd4 17. Ng5 f6 18. Nf7+ 1-0

[Event "Challenge"]
[Site "http://www.queenalice.com/game.php?id=148268"]
[Date "2006.12.30"]
[Round "-"]
[White "cesarFCP"]
[Black "ron_h_roy2003"]
[Result "0-1"]
[WhiteElo "1313"]
[BlackElo "1328"]

1. e3 e5 2. Nh3 Nf6 3. Qf3 d6 4. g4 Nc6 5. g5 Nd7 6. g6 hxg6 7. Bc4 Nf6 8. Ng5
Be6 9. Na3 d5 10. Bb5 Qd6 11. c4 e4 12. Qe2 Ng4 0-1

[Event "Challenge"]
[Site "http://www.queenalice.com/game.php?id=148270"]
[Date "2006.12.30"]
[Round "-"]
[White "cesarFCP"]
[Black "fizzo"]
[Result "1-0"]
[WhiteElo "1263"]
[BlackElo "1334"]

1. c3 e5 2. e3 Nf6 3. Qf3 Nc6 4. Nh3 b6 5. g4 e4 6. Qf4 Bd6 7. Qg5 h6 8. Qh4 g5
9. Nxg5 Nd5 10. Qh5 Rg8 11. Qxf7# 1-0

[Event "Let's Play Chess!"]
[Site "http://www.queenalice.com/game.php?id=194816"]
[Date "2007.4.10"]
[Round "-"]
[White "cesarFCP"]
[Black "diegomaciel"]
[Result "1-0"]
[WhiteElo "1340"]
[BlackElo "1542"]

1. e4 e5 2. b3 Nf6 3. Bb2 Nc6 4. Ba3 Bxa3 5. Nxa3 O-O 6. Nc4 d6 7. Nf3 Bg4 8. h3
Be6 9. Ng5 Bd7 10. g3 h6 11. Nf3 Nxe4 12. d3 Nc3 13. Qc1 Qf6 14. Qe3 Nd5 15. Qe4
Nc3 16. Qe3 Nb4 17. Rc1 Ncxa2 18. d4 exd4 19. Nxd4 Rfe8 20. Rd1 1-0

[Event "Let's Play Chess!"]
[Site "http://www.queenalice.com/game.php?id=194817"]
[Date "2007.4.10"]
[Round "-"]
[White "cesarFCP"]
[Black "DINTERINBEBIM"]
[Result "0-1"]
[WhiteElo "1344"]
[BlackElo "1818"]

1. g3 d5 2. Bg2 Nf6 3. c3 e5 4. Qa4+ Bd7 5. Qb3 Bd6 6. Nf3 e4 7. Nd4 c5 8. Nb5
Be7 9. N1a3 a6 10. Nd4 cxd4 11. cxd4 Nc6 12. f3 Nxd4 13. Qxb7 Bc6 14. Qxa8 Bxa8
15. fxe4 dxe4 16. e3 Nf3+ 17. Kf1 Qd3+ 18. Kf2 Ng4# 0-1

[Event "Challenge"]
[Site "http://www.queenalice.com/game.php?id=194818"]
[Date "2007.4.10"]
[Round "-"]
[White "cesarFCP"]
[Black "capjr"]
[Result "1-0"]
[WhiteElo "1356"]
[BlackElo "1090"]

1. b3 d6 2. Bb2 Nc6 3. e3 Nf6 4. Bc4 Bg4 5. f3 Bh5 6. g4 Bg6 7. Na3 e6 8. d4 d5
9. Bb5 Qd6 10. e4 Qb4+ 11. c3 Qe7 12. c4 Rd8 13. Ne2 a6 14. Ba4 Qb4+ 15. Qd2 1-0

[Event "AUTO-INT-411"]
[Site "http://www.queenalice.com/game.php?id=194855"]
[Date "2007.4.10"]
[Round "1"]
[White "holandes"]
[Black "cesarFCP"]
[Result "1-0"]
[WhiteElo "1527"]
[BlackElo "1340"]

1. e4 c6 2. d4 g6 3. Nf3 Qa5+ 4. Bd2 Qb6 5. b3 Bg7 6. e5 d6 7. Qe2 c5 8. c3 f6
9. Na3 Nc6 10. Qc4 fxe5 11. dxe5 dxe5 12. Be3 Na5 13. Qd5 Nf6 14. Qxe5 Ng4 15.
Qxg7 Rf8 16. Bg5 Qe6+ 17. Be2 Qf7 18. Qxf7+ Rxf7 19. Nb5 Rb8 20. Nxa7 Be6 21. h3
Nf6 22. Bf4 Rd8 23. Bc7 Rd5 24. Bxa5 Ne4 25. O-O c4 26. b4 Nxc3 27. Bxc4 Rd6 28.
Bb5+ Kf8 29. Bc7 Rd5 30. Bc4 Rc5 31. Bxe6 Rf6 32. Bb6 Rh5 33. Bg4 Rxb6 34. Bxh5
gxh5 35. Rac1 Nxa2 36. Rc8+ Kf7 37. Ne5+ Ke6 38. Re1 Rxb4 39. Nd3+ Kd7 40. Nxb4
Nxb4 41. Rd1+ Ke6 42. Rc7 Nd5 43. Rxb7 Nc3 44. Rdd7 Ne2+ 45. Kf1 Nf4 46. Rxe7+
Kf5 47. Rxh7 Ke5 48. Nc6+ Kf5 49. Rhf7+ Kg5 50. Rb5+ Kg6 51. Rxf4 Kh6 52. Rf6+
Kg7 53. Rd6 h4 54. Rb7+ Kh8 55. Rd8# 1-0

[Event "AUTO-INT-411"]
[Site "http://www.queenalice.com/game.php?id=194856"]
[Date "2007.4.10"]
[Round "1"]
[White "cesarFCP"]
[Black "holandes"]
[Result "0-1"]
[WhiteElo "1344"]
[BlackElo "1649"]

1. e4 e5 2. Qh5 Nc6 3. Bc4 g6 4. Qf3 Nf6 5. Nh3 h6 6. Nc3 a6 7. Nd5 Nxd5 8. exd5
Nd4 9. Qe4 d6 10. f4 Bf5 11. Qe3 Nxc2+ 12. Ke2 Nxe3 13. Kxe3 b5 14. Be2 g5 15.
fxg5 hxg5 16. Nxg5 Qxg5+ 17. Kf2 Rg8 18. Bf1 Qf4+ 19. Ke1 Qe4+ 20. Kd1 Bg4+ 21.
Be2 Qxe2+ 22. Kc2 Bf5+ 23. Kb3 Qd3+ 24. Kb4 a5# 0-1

[Event "AUTO-INT-411"]
[Site "http://www.queenalice.com/game.php?id=194867"]
[Date "2007.4.10"]
[Round "1"]
[White "Sandrio2006"]
[Black "cesarFCP"]
[Result "1-0"]
[WhiteElo "1466"]
[BlackElo "1361"]

1. g3 d5 2. d4 b6 3. e3 Bb7 4. Nf3 c5 5. Bg2 cxd4 6. Nxd4 e5 7. Nf5 g6 8. Nh4 g5
9. Nf5 Qd7 10. g4 Nh6 11. Ng3 Nxg4 12. Qe2 f5 13. h3 d4 14. hxg4 Bxg2 15. Rh5
dxe3 16. fxe3 Qd5 17. c4 Qf7 18. Qxg2 Qxc4 19. Bd2 Bb4 20. Rxg5 Rg8 21. b3 Qc2
22. Rxg8+ Kf7 23. Qd5+ Kf6 24. Nh5+ Ke7 25. Bxb4+ Qc5 26. Bxc5+ bxc5 27. Qxa8
Nd7 28. Qd8+ Kd6 29. Nf6 Kc6 30. Qxd7+ Kb6 31. Rb8+ Ka5 32. Qb5# 1-0

[Event "AUTO-INT-411"]
[Site "http://www.queenalice.com/game.php?id=194868"]
[Date "2007.4.10"]
[Round "1"]
[White "cesarFCP"]
[Black "Sandrio2006"]
[Result "0-1"]
[WhiteElo "1349"]
[BlackElo "1525"]

1. b3 e5 2. Bb2 Qf6 3. Nh3 Bc5 4. b4 Bxb4 5. c3 Ba5 6. d4 e4 7. Nf4 Qxf4 8. e3
Qg5 9. f4 Qh4+ 10. g3 Qf6 11. Bb5 Qb6 12. Qa4 c6 13. Bc4 Qxb2 14. Bb3 Bxc3+ 15.
Nxc3 Qxa1+ 16. Nd1 Qc1 17. Qc4 Qxc4 18. Bxc4 d5 19. Be2 Nf6 20. h4 O-O 21. g4 c5
22. dxc5 Nfd7 23. c6 Nxc6 24. Nc3 Nb6 25. g5 Nb4 26. Bb5 a6 27. Be2 Bd7 28. Rg1
Rac8 29. Nd1 Nxa2 30. h5 Ba4 31. Nf2 Rc1+ 32. Nd1 Nc3 33. Bg4 Nc4 34. g6 f5 35.
Bxf5 Rxf5 36. h6 gxh6 37. gxh7+ Kxh7 38. Kf2 Nxd1+ 39. Kg3 Ncxe3 0-1

[Event "Challenge"]
[Site "http://www.queenalice.com/game.php?id=203059"]
[Date "2007.4.27"]
[Round "-"]
[White "farofa38"]
[Black "cesarFCP"]
[Result "1-0"]
[WhiteElo "1557"]
[BlackElo "1364"]

1. g4 g5 2. e4 Bg7 3. Bc4 Nh6 4. Qf3 b6 5. h4 Bb7 6. d4 Nc6 7. hxg5 f5 8. gxh6
Bxh6 9. Rxh6 Nxd4 10. Qd3 c5 11. exf5 Qc7 12. c3 d6 13. f6 exf6 14. Rxf6 Rg8 15.
Bxg8 Kd7 16. Qxh7+ Kc6 17. Rf7 Qc8 18. cxd4 Qxg4 19. Rg7 Re8+ 20. Kf1 Ba6+ 21.
Ne2 Qxe2+ 22. Kg2 Qf1+ 23. Kf3 Qxc1 24. Na3 Qxa1 25. Rc7# 1-0